000 00313nam a2200145 i 4500
001 bg
100 1 _aFEFERMAN, S.
245 0 _aCislovye sistemy /
_cC. Feferman.
260 _aMoskva,
_c1971.
040 _cBPK
041 _apol
080 _a512+517
942 _cKS
008 s pl f |000 0 pol
999 _c9177
_d9177
856 _uhttp://koha.tu.koszalin.pl/cgi-bin/koha/opac-detail.pl?biblionumber=9177
_yKatalog online BPK